[Event "San Francisco TNM Spring op"]
[Site "San Francisco"]
[Date "2013.04.16"]
[Round "5"]
[White "Woebcke, Carl"]
[Black "Anderson, Michael Gene"]
[Result "0-1"]
[WhiteElo "1752"]
[BlackElo "1953"]
[PlyCount "41"]
[EventDate "2013.03.19"]
[EventType "swiss"]
[EventRounds "8"]
[EventCountry "USA"]
[SourceTitle "EXT 2016"]
[Source "ChessBase"]
[SourceDate "2015.10.08"]
[SourceVersion "1"]
[SourceVersionDate "2015.10.08"]
[SourceQuality "1"]

1. e4 c5 2. Nf3 e6 3. d4 cxd4 4. Nxd4 a6 5. Nc3 b5 6. Bd3 Bb7 7. 0-0 d6 8. Qe2 Nd7 9. a4 b4 10. Na2 d5 11. exd5 Bxd5 12. Bc4 Ngf6 13. Bg5 Qb6 14. Be3 Bc5 15. a5 Qb7 16. Nf5 0-0 17. Bxd5 Qxd5 18. Bxc5 Qxc5 19. Ne3 Qxa5 20. Qd2 Rab8 21. Rad1 0-1

[Event "San Francisco TNM Winter op"]
[Site "San Francisco"]
[Date "2013.01.22"]
[Round "3"]
[White "Brown, Nicholas"]
[Black "Woebcke, Carl"]
[Result "1/2-1/2"]
[WhiteElo "1471"]
[BlackElo "1769"]
[PlyCount "54"]
[EventDate "2013.01.08"]
[EventType "swiss"]
[EventRounds "8"]
[EventCountry "USA"]
[SourceTitle "EXT 2016"]
[Source "ChessBase"]
[SourceDate "2015.10.08"]
[SourceVersion "1"]
[SourceVersionDate "2015.10.08"]
[SourceQuality "1"]

1. d4 d5 2. c4 e6 3. Nf3 c5 4. e3 cxd4 5. Nxd4 Nc6 6. cxd5 exd5 7. Bb5 Bd7 8. Nc3 a6 9. Ba4 Nf6 10. Bb3 Be6 11. 0-0 Bc5 12. Nf3 0-0 13. Re1 b5 14. Ne2 Qb6 15. Nf4 Rad8 16. Nxe6 fxe6 17. Ng5 Ne5 18. Qe2 h6 19. Nh3 Rf7 20. Nf4 g5 21. Nd3 Nxd3 22. Qxd3 Rg7 23. Qe2 Ne4 24. Rf1 Rf8 25. Bc2 Rgf7 26. Bxe4 dxe4 27. b3 Be7 1/2-1/2

[Event "San Francisco TNM Fall op"]
[Site "San Francisco"]
[Date "2012.10.23"]
[Round "2"]
[White "Woebcke, Carl"]
[Black "Steigum, Erling"]
[Result "1-0"]
[WhiteElo "1786"]
[BlackElo "1988"]
[PlyCount "59"]
[EventDate "2012.10.16"]
[EventType "swiss"]
[EventRounds "9"]
[EventCountry "USA"]
[SourceTitle "EXT 2014"]
[Source "ChessBase"]
[SourceDate "2013.11.20"]
[SourceVersion "1"]
[SourceVersionDate "2013.11.20"]
[SourceQuality "1"]

1. e4 c5 2. Nf3 e6 3. d4 cxd4 4. Nxd4 Nc6 5. Be3 Qc7 6. a3 Nf6 7. Nc3 a6 8. Be2 Be7 9. 0-0 Ne5 10. f4 Nc4 11. Bxc4 Qxc4 12. e5 Nd5 13. Nxd5 Qxd5 14. c4 Qe4 15. Rf3 b6 16. f5 Bb7 17. fxe6 fxe6 18. Bf2 0-0-0 19. Qb3 Rhf8 20. Re1 Rxf3 21. Nxf3 Qg4 22. h3 Qg6 23. Bxb6 Rf8 24. Re3 Bg5 25. Rd3 Bf4 26. Qd1 Qg3 27. Rxd7 Bg5 28. Qd6 Qxg2+ 29. Kxg2 Bxf3+ 30. Kg1 1-0

[Event "San Francisco TNM Fall op"]
[Site "San Francisco"]
[Date "2012.10.16"]
[Round "1"]
[White "Otterbach, Renate"]
[Black "Woebcke, Carl"]
[Result "0-1"]
[WhiteElo "761"]
[BlackElo "1786"]
[PlyCount "62"]
[EventDate "2012.10.16"]
[EventType "swiss"]
[EventRounds "9"]
[EventCountry "USA"]
[SourceTitle "EXT 2014"]
[Source "ChessBase"]
[SourceDate "2013.11.20"]
[SourceVersion "1"]
[SourceVersionDate "2013.11.20"]
[SourceQuality "1"]

1. d4 d5 2. Nf3 e6 3. e3 c5 4. c3 Nf6 5. Bd3 Nc6 6. Nbd2 Bd6 7. 0-0 0-0 8. Re1 e5 9. e4 cxd4 10. a3 dxc3 11. bxc3 Bg4 12. Qb3 Qb6 13. Qc2 dxe4 14. Nxe4 Nxe4 15. Bxe4 Bxf3 16. Bxh7+ Kh8 17. Be4 Bg4 18. Be3 Qc7 19. Kh1 f5 20. Bd5 f4 21. Bc1 Nd4 22. Qg6 Bf5 23. Qh5+ Bh7 24. cxd4 Qc3 25. Bb2 Qxb2 26. Rad1 Rf5 27. Qh4 Rf6 28. Rg1 Rh6 29. Qg4 e4 30. g3 fxg3 31. f4 Qxh2# 0-1

[Event "San Francisco TNM Fall op"]
[Site "San Francisco"]
[Date "2011.11.29"]
[Round "7"]
[White "Woebcke, Carl"]
[Black "Bertot, German"]
[Result "1-0"]
[WhiteElo "1832"]
[BlackElo "1629"]
[PlyCount "49"]
[EventDate "2011.10.18"]
[EventType "swiss"]
[EventRounds "9"]
[EventCountry "USA"]
[SourceTitle "EXT 2016"]
[Source "ChessBase"]
[SourceDate "2015.10.08"]
[SourceVersion "1"]
[SourceVersionDate "2015.10.08"]
[SourceQuality "1"]

1. e4 e5 2. f4 exf4 3. Nf3 d6 4. Bc4 h6 5. h4 Nc6 6. d4 Be7 7. Bxf4 Bg4 8. Bg3 Nf6 9. Nc3 Nxe4 10. Bxf7+ Kxf7 11. Nxe4 Re8 12. Qd3 Bf6 13. 0-0 Bxf3 14. Rxf3 Kg8 15. Nxf6+ gxf6 16. Qg6+ Kh8 17. Qxh6+ Kg8 18. Rxf6 Re7 19. Rg6+ Kf7 20. Rf1+ Ke8 21. Rf8+ Kd7 22. Rxd8+ Rxd8 23. Rg7 Nxd4 24. Rxe7+ Kxe7 25. Qg7+ 1-0

[Event "San Francisco TNM Fall op"]
[Site "San Francisco"]
[Date "2011.11.08"]
[Round "4"]
[White "Woebcke, Carl"]
[Black "Marshall, Johnathan"]
[Result "1-0"]
[WhiteElo "1832"]
[BlackElo "1589"]
[PlyCount "97"]
[EventDate "2011.10.18"]
[EventType "swiss"]
[EventRounds "9"]
[EventCountry "USA"]
[SourceTitle "EXT 2016"]
[Source "ChessBase"]
[SourceDate "2015.10.08"]
[SourceVersion "1"]
[SourceVersionDate "2015.10.08"]
[SourceQuality "1"]

1. e4 e6 2. d4 d5 3. Nd2 Nf6 4. e5 Nfd7 5. Bd3 c5 6. c3 Nc6 7. Ne2 cxd4 8. cxd4 f6 9. exf6 Nxf6 10. Nf3 Bd6 11. 0-0 Qc7 12. g3 Nh5 13. Ng5 g6 14. Bd2 Qg7 15. Qc2 0-0 16. Bc3 e5 17. dxe5 Bxe5 18. Qb3 Kh8 19. Qxd5 Bxc3 20. Nxc3 Nb4 21. Qd6 Nxd3 22. Qxd3 Bf5 23. Qb5 h6 24. Nge4 a6 25. Qb6 Bh3 26. Rfd1 Qf7 27. Rd3 Rae8 28. Qd4+ Qg7 29. Rad1 Qxd4 30. Rxd4 Kg7 31. Nd6 Rd8 32. Nf5+ Bxf5 33. Rxd8 Rf7 34. Re1 Nf6 35. f3 Nd7 36. Nd5 g5 37. Re7 Nc5 38. g4 Be6 39. Rxf7+ Kxf7 40. b4 Nd3 41. a3 Ne5 42. Kf2 Nc4 43. a4 Nb2 44. Nb6 Nc4 45. Nxc4 Bxc4 46. Rd7+ Kg6 47. Rxb7 Bd3 48. Rb6+ Kg7 49. Ke3 1-0

[Event "San Francisco TNM Litowsky op"]
[Site "San Francisco"]
[Date "2011.09.06"]
[Round "6"]
[White "Woebcke, Carl"]
[Black "Marshall, Johnathan"]
[Result "1-0"]
[WhiteElo "1847"]
[BlackElo "1589"]
[PlyCount "45"]
[EventDate "2011.08.02"]
[EventType "swiss"]
[EventRounds "9"]
[EventCountry "USA"]
[SourceTitle "EXT 2016"]
[Source "ChessBase"]
[SourceDate "2015.10.08"]
[SourceVersion "1"]
[SourceVersionDate "2015.10.08"]
[SourceQuality "1"]

1. e4 c5 2. Nf3 d6 3. d4 cxd4 4. Nxd4 Nf6 5. Nc3 a6 6. Bc4 e6 7. Bb3 b5 8. 0-0 Be7 9. Qf3 Qb6 10. Be3 Qb7 11. Qg3 Bd7 12. f3 0-0 13. Rad1 Nc6 14. Nxc6 Bxc6 15. Bh6 Ne8 16. Ne2 a5 17. a3 Qb6+ 18. Kh1 Bf6 19. Nf4 Kh8 20. Bg5 Bxb2 21. Be7 Rg8 22. Bxe6 fxe6 23. Ng6+ 1-0

[Event "San Francisco TNM Summer op"]
[Site "San Francisco"]
[Date "2010.06.29"]
[Round "6"]
[White "Woebcke, Carl"]
[Black "Beilin, Allan"]
[Result "1/2-1/2"]
[WhiteElo "1654"]
[BlackElo "1802"]
[PlyCount "49"]
[EventDate "2010.05.25"]
[EventType "swiss"]
[EventRounds "8"]
[EventCountry "USA"]
[SourceTitle "EXT 2012"]
[Source "ChessBase"]
[SourceDate "2011.11.24"]
[SourceVersion "1"]
[SourceVersionDate "2011.11.24"]
[SourceQuality "1"]

1. e4 e6 2. d4 d5 3. exd5 exd5 4. c4 c6 5. Nc3 Nf6 6. Bg5 Bb4 7. a3 Be7 8. cxd5 Nxd5 9. Bxe7 Qxe7+ 10. Qe2 Qxe2+ 11. Ngxe2 Be6 12. Nxd5 Bxd5 13. Nf4 Bb3 14. Rc1 0-0 15. Rc3 Re8+ 16. Kd2 Be6 17. Nxe6 Rxe6 18. Re3 Rxe3 19. fxe3 Nd7 20. Bd3 Rc8 21. Re1 Nf6 22. e4 Ng4 23. h3 Nf6 24. g4 h6 25. b4 1/2-1/2

[Event "San Francisco TNM Spring op"]
[Site "San Francisco"]
[Date "2010.04.06"]
[Round "4"]
[White "Woebcke, Carl"]
[Black "Shnaiderman, Lazar"]
[Result "1/2-1/2"]
[WhiteElo "1748"]
[BlackElo "1873"]
[PlyCount "58"]
[EventDate "2010.03.16"]
[EventType "swiss"]
[EventRounds "8"]
[EventCountry "USA"]
[SourceTitle "EXT 2012"]
[Source "ChessBase"]
[SourceDate "2011.11.24"]
[SourceVersion "1"]
[SourceVersionDate "2011.11.24"]
[SourceQuality "1"]

1. e4 c5 2. Nf3 g6 3. d4 cxd4 4. Nxd4 Nc6 5. c4 Nf6 6. Nc3 d6 7. Be2 Bg7 8. Be3 0-0 9. 0-0 Nxd4 10. Bxd4 Be6 11. f4 Qa5 12. Nd5 Bxd5 13. exd5 Nd7 14. Bxg7 Kxg7 15. Qd4+ Kg8 16. a3 Qc5 17. Rad1 a5 18. Qxc5 Nxc5 19. b4 axb4 20. axb4 Ne4 21. Bd3 Nf6 22. Rfe1 Rfe8 23. Bf1 Ra4 24. Rb1 Kf8 25. Red1 Rc8 26. Re1 b5 27. Rec1 bxc4 28. Rxc4 Rb8 29. Rd4 Rb6 1/2-1/2

[Event "San Francisco TNM Winter op"]
[Site "San Francisco"]
[Date "2010.02.23"]
[Round "8"]
[White "Woebcke, Carl"]
[Black "Standen, Julian"]
[Result "1/2-1/2"]
[WhiteElo "1649"]
[BlackElo "1733"]
[PlyCount "107"]
[EventDate "2010.01.05"]
[EventType "swiss"]
[EventRounds "8"]
[EventCountry "USA"]
[SourceTitle "EXT 2012"]
[Source "ChessBase"]
[SourceDate "2011.11.24"]
[SourceVersion "1"]
[SourceVersionDate "2011.11.24"]
[SourceQuality "1"]

1. e4 c6 2. d4 d5 3. e5 Bf5 4. Nf3 e6 5. Be2 Nd7 6. 0-0 c5 7. c3 Ne7 8. Nh4 Bxb1 9. Rxb1 Nc6 10. Nf3 cxd4 11. cxd4 Be7 12. Be3 0-0 13. a3 Rc8 14. Qd2 Qa5 15. Rfc1 Qxd2 16. Nxd2 a6 17. b4 Na7 18. Nb3 Rxc1+ 19. Rxc1 Rc8 20. Nc5 Nxc5 21. bxc5 Kf8 22. Rb1 Rc7 23. Bd2 Nc6 24. Bc3 Ke8 25. Bd1 Kd8 26. Ba4 Kc8 27. f4 Bd8 28. Bc2 g6 29. Kf2 Re7 30. Bd3 Ba5 31. Bxa5 Nxa5 32. Ke3 Nc6 33. g4 Kc7 34. g5 Re8 35. Rb6 Rh8 36. Rb2 h6 37. gxh6 Rxh6 38. Bf1 Ne7 39. Rd2 Nf5+ 40. Kf3 Rh4 41. h3 Kc6 42. a4 g5 43. fxg5 Nxd4+ 44. Kg3 Nf5+ 45. Kf3 Rxa4 46. Bd3 Nh4+ 47. Kg3 Kxc5 48. Rc2+ Kb6 49. Rb2+ Kc7 50. Rc2+ Kd7 51. Bh7 Ng6 52. Bxg6 fxg6 53. Rf2 Ra3+ 54. Kg2 1/2-1/2

[Event "San Francisco TNM Winter op"]
[Site "San Francisco"]
[Date "2010.02.16"]
[Round "7"]
[White "Hilliard, Michael"]
[Black "Woebcke, Carl"]
[Result "0-1"]
[WhiteElo "1447"]
[BlackElo "1649"]
[PlyCount "60"]
[EventDate "2010.01.05"]
[EventType "swiss"]
[EventRounds "8"]
[EventCountry "USA"]
[SourceTitle "EXT 2012"]
[Source "ChessBase"]
[SourceDate "2011.11.24"]
[SourceVersion "1"]
[SourceVersionDate "2011.11.24"]
[SourceQuality "1"]

1. d4 d5 2. Nf3 Nf6 3. e3 e6 4. Bd3 b6 5. Nbd2 Bb7 6. 0-0 c5 7. c3 Nbd7 8. Re1 Be7 9. e4 dxe4 10. Nxe4 0-0 11. Qc2 Rc8 12. Nxf6+ Nxf6 13. Ng5 h6 14. Ne4 cxd4 15. Bd2 Nd5 16. Rad1 Nb4 17. Qb1 Nxd3 18. Qxd3 dxc3 19. Bxc3 Qxd3 20. Rxd3 Rfd8 21. Rg3 Bxe4 22. Rxg7+ Kf8 23. f3 Rxc3 24. bxc3 Bc5+ 25. Kh1 Kxg7 26. fxe4 Rd2 27. a4 Ra2 28. g3 Rxa4 29. e5 Rc4 30. Rc1 Be3 0-1

[Event "San Francisco TNM Fall op"]
[Site "San Francisco"]
[Date "2009.11.24"]
[Round "6"]
[White "Woebcke, Carl"]
[Black "Manvelyan, Hovik"]
[Result "1-0"]
[WhiteElo "1649"]
[BlackElo "1984"]
[PlyCount "117"]
[EventDate "2009.10.20"]
[EventType "swiss"]
[EventRounds "9"]
[EventCountry "USA"]
[SourceTitle "EXT 2012"]
[Source "ChessBase"]
[SourceDate "2011.11.24"]
[SourceVersion "1"]
[SourceVersionDate "2011.11.24"]
[SourceQuality "1"]

1. e4 e6 2. Nf3 d5 3. Nc3 Nf6 4. e5 Nfd7 5. d4 b6 6. Bd3 c5 7. Nb5 cxd4 8. Bg5 f6 9. exf6 Nxf6 10. Nbxd4 Be7 11. Bb5+ Kf8 12. Ne5 Qd6 13. Qe2 a6 14. Bd3 Nbd7 15. Nxe6+ Kg8 16. Ng4 Nxg4 17. Qxg4 Nc5 18. Bxe7 Qxe7 19. Qxg7+ Qxg7 20. Nxg7 Nxd3+ 21. cxd3 Kxg7 22. Kd2 Rf8 23. f3 Be6 24. Rac1 Rac8 25. Rhe1 Rxc1 26. Rxc1 Rc8 27. Re1 Kf6 28. h4 h5 29. b3 a5 30. Re2 b5 31. d4 a4 32. Re5 Rg8 33. Re2 axb3 34. axb3 b4 35. Ke1 Rc8 36. Kd2 Rc3 37. Re3 Rxe3 38. Kxe3 Kf5 39. g3 Bd7 40. Kd2 Bb5 41. Ke3 Bf1 42. Kd2 Bb5 43. Ke3 Bd7 44. Kd2 Kf6 45. Ke3 Bf5 46. Kd2 Ke6 47. Kc1 Kd6 48. Kd2 Kc6 49. Ke3 Kb6 50. Kd2 Ka5 51. Kc1 Bd3 52. Kd2 Bf1 53. g4 Bh3 54. gxh5 Kb6 55. Ke3 Bf5 56. Kf4 Bc2 57. h6 Kc6 58. Ke5 Kd7 59. Kf6 1-0

[Event "San Francisco TNM Fall op"]
[Site "San Francisco"]
[Date "2009.11.17"]
[Round "5"]
[White "Trestor, David"]
[Black "Woebcke, Carl"]
[Result "1-0"]
[WhiteElo "1656"]
[BlackElo "1649"]
[PlyCount "87"]
[EventDate "2009.10.20"]
[EventType "swiss"]
[EventRounds "9"]
[EventCountry "USA"]
[SourceTitle "EXT 2012"]
[Source "ChessBase"]
[SourceDate "2011.11.24"]
[SourceVersion "1"]
[SourceVersionDate "2011.11.24"]
[SourceQuality "1"]

1. e4 c5 2. Nf3 d6 3. d4 cxd4 4. Nxd4 Nf6 5. Nc3 a6 6. Bg5 e6 7. f4 Nbd7 8. Qf3 Be7 9. 0-0-0 Qc7 10. f5 e5 11. Nb3 b5 12. Bxf6 Nxf6 13. g4 b4 14. Nd5 Nxd5 15. Rxd5 Bb7 16. Rd1 a5 17. Bb5+ Kf8 18. Kb1 a4 19. Nd2 Qc5 20. Bc4 Rc8 21. h4 Ba6 22. Bxa6 Qxc2+ 23. Ka1 a3 24. Qb3 Qxb3 25. Nxb3 Rc6 26. Rc1 Rxc1+ 27. Rxc1 g6 28. g5 f6 29. Rc8+ Kg7 30. Rc7 Kf8 31. gxf6 Bxf6 32. h5 gxf5 33. Bc4 Ke8 34. Nd2 f4 35. b3 Be7 36. Rb7 Rf8 37. Nf3 Rf6 38. Be2 Rf7 39. Rb8+ Bd8 40. Bb5+ Ke7 41. Ng5 Rg7 42. Rb7+ Kf6 43. Rxg7 Kxg7 44. Ne6+ 1-0

[Event "San Francisco TNM Fall op"]
[Site "San Francisco"]
[Date "2009.11.10"]
[Round "4"]
[White "Wong, Russell"]
[Black "Woebcke, Carl"]
[Result "0-1"]
[WhiteElo "2200"]
[BlackElo "1649"]
[PlyCount "66"]
[EventDate "2009.10.20"]
[EventType "swiss"]
[EventRounds "9"]
[EventCountry "USA"]
[SourceTitle "EXT 2012"]
[Source "ChessBase"]
[SourceDate "2011.11.24"]
[SourceVersion "1"]
[SourceVersionDate "2011.11.24"]
[SourceQuality "1"]

1. e4 c5 2. Nf3 d6 3. d4 cxd4 4. Nxd4 Nf6 5. Nc3 a6 6. Bg5 e6 7. Qd2 b5 8. f3 Bb7 9. 0-0-0 b4 10. Na4 Qa5 11. b3 Nc6 12. Be3 Nd7 13. Kb1 Rc8 14. Bc4 Nce5 15. Be2 Nc5 16. Nxc5 dxc5 17. Nxe6 fxe6 18. f4 Bxe4 19. fxe5 Rd8 20. Qxd8+ Qxd8 21. Rxd8+ Kxd8 22. Rd1+ Kc7 23. Bxa6 Bxg2 24. Bc4 Bh3 25. Bb5 Kb6 26. Ba4 g6 27. Rd7 h5 28. Bg5 Rg8 29. Bd8+ Ka6 30. Bf6 g5 31. Bc6 Bf5 32. Kb2 g4 33. Rh7 Bxh7 0-1

[Event "San Francisco TNM Fall op"]
[Site "San Francisco"]
[Date "2009.10.27"]
[Round "2"]
[White "Capdeville, Barry E"]
[Black "Woebcke, Carl"]
[Result "0-1"]
[WhiteElo "1131"]
[BlackElo "1649"]
[PlyCount "72"]
[EventDate "2009.10.20"]
[EventType "swiss"]
[EventRounds "9"]
[EventCountry "USA"]
[SourceTitle "EXT 2012"]
[Source "ChessBase"]
[SourceDate "2011.11.24"]
[SourceVersion "1"]
[SourceVersionDate "2011.11.24"]
[SourceQuality "1"]

1. e4 c5 2. d4 cxd4 3. c3 dxc3 4. Nxc3 Nc6 5. Nf3 g6 6. Bc4 Bg7 7. 0-0 e6 8. Bf4 a6 9. Re1 Nge7 10. Bd6 0-0 11. a3 b5 12. Ba2 Bb7 13. Rc1 f6 14. Bg3 f5 15. Bb1 fxe4 16. Nxe4 Bxb2 17. Rc2 Bxa3 18. Nd6 Bxd6 19. Bxd6 Rf5 20. Rce2 Rd5 21. Rd2 Rxd2 22. Qxd2 Nf5 23. Bf4 Nce7 24. Qe2 Nd5 25. Be5 Rc8 26. Qd2 Qf8 27. Be4 d6 28. Bxf5 exf5 29. Bg3 Qf6 30. Bh4 Qc3 31. Qe2 Nf4 32. Qd1 Be4 33. Re3 Qc1 34. Re1 Qxd1 35. Rxd1 b4 36. Rxd6 Rc1+ 0-1

[Event "San Francisco Hurt Memorial U1800"]
[Site "San Francisco"]
[Date "2005.12.11"]
[Round "5"]
[White "Woebcke, Carl"]
[Black "Ling, Charles"]
[Result "1-0"]
[WhiteElo "1670"]
[BlackElo "1753"]
[PlyCount "69"]
[EventDate "2005.12.10"]
[EventType "swiss"]
[EventRounds "6"]
[EventCountry "USA"]
[SourceTitle "EXT 2007"]
[Source "ChessBase"]
[SourceDate "2006.11.23"]
[SourceVersion "1"]
[SourceVersionDate "2006.11.23"]
[SourceQuality "1"]

1. e4 c5 2. Nf3 d6 3. d4 cxd4 4. Nxd4 Nf6 5. Nc3 a6 6. Bc4 e6 7. Bb3 Be7 8. 0-0 Nc6 9. f4 0-0 10. Be3 Qc7 11. a4 Na5 12. Qd3 Ng4 13. Bd2 Qc5 14. h3 Nxb3 15. cxb3 Bf6 16. hxg4 Bxd4+ 17. Kh1 f5 18. b4 Qa7 19. g5 Bd7 20. Ne2 e5 21. Bc3 fxe4 22. Qc4+ Kh8 23. Nxd4 Rac8 24. Qd5 exd4 25. Bxd4 Bc6 26. Qxd6 Qb8 27. Qe7 Rg8 28. g6 Be8 29. Be5 Qa7 30. f5 Qe3 31. Ra3 Qe2 32. Rh3 h5 33. Bxg7+ Rxg7 34. Qf8+ Rg8 35. Qh6# 1-0